000 00566nam a2200217 a 4500
001 0001-2380
003 ELIB.Books
008 190913 2010 eng
020 _a9780446561747
092 _a332.024
_bBre
100 _aBreathhnach, Sarah Ban.
245 _aPeace and Plenty
260 _aNew York
_bGrand Central Publishing
_c2010
300 _a426
_c 24.1 cm
650 _aPersonal Finance
856 _nKBTS Library
_uKBTS Elib
942 _2ddc
_cBK
990 _a1
998 _aEnglishbooks.elf
_ccat
_e2019-09-13
999 _c12380
_d12380